Sustainable landscape construction : (Record no. 11247)

000 -LEADER
fixed length control field 02078cam a2200409 i 4500
001 - CONTROL NUMBER
control field 19781996
005 - DATE AND TIME OF LATEST TRANSACTION
control field 20230113172244.0
008 - FIXED-LENGTH DATA ELEMENTS--GENERAL INFORMATION
fixed length control field 170712s2018 dcua b 001 0 eng
010 ## - LIBRARY OF CONGRESS CONTROL NUMBER
LC control number 2017948523
020 ## - INTERNATIONAL STANDARD BOOK NUMBER
International Standard Book Number 9781610918091 (hbk.)
020 ## - INTERNATIONAL STANDARD BOOK NUMBER
International Standard Book Number 161091810X (hbk.)
040 ## - CATALOGING SOURCE
Original cataloging agency DLC
Language of cataloging eng
Description conventions rda
Transcribing agency DLC
Modifying agency DLC
042 ## - AUTHENTICATION CODE
Authentication code pcc
050 00 - LIBRARY OF CONGRESS CALL NUMBER
Classification number TH380
Item number .T46 2018
082 00 - DEWEY DECIMAL CLASSIFICATION NUMBER
Classification number 712.01
Edition number 23
100 1# - MAIN ENTRY--PERSONAL NAME
Personal name Sorvig, Kim,
Relator term author.
245 10 - TITLE STATEMENT
Title Sustainable landscape construction :
Remainder of title a guide to green building outdoors /
Statement of responsibility, etc. Kim Sorvig with J. William Thompson ; with drawings by Craig D. Farnsworth.
250 ## - EDITION STATEMENT
Edition statement Third edition.
260 ## - PUBLICATION, DISTRIBUTION, ETC.
Place of publication, distribution, etc. Washington, DC :
Name of publisher, distributor, etc. Island Press,
Date of publication, distribution, etc. [2018]
300 ## - PHYSICAL DESCRIPTION
Extent xxx, 471 pages :
Other physical details illustrations ;
Dimensions 29 cm
336 ## - CONTENT TYPE
Content type term text
Content type code txt
Source rdacontent
337 ## - MEDIA TYPE
Media type term unmediated
Media type code n
Source rdamedia
338 ## - CARRIER TYPE
Carrier type term volume
Carrier type code nc
Source rdacarrier
500 ## - GENERAL NOTE
General note Order of author names reversed in previous edition.
504 ## - BIBLIOGRAPHY, ETC. NOTE
Bibliography, etc. note Includes bibliographical references and index.
505 0# - FORMATTED CONTENTS NOTE
Formatted contents note Basic principles : "Sustainability" in context -- Principle 1 : Keep healthy sites healthy -- Principle 2 : Heal injured soils and sites -- Principle 3 : Favor living, flexible materials -- Principle 4 : Respect the waters of life -- Principle 5 : Pave less -- Principle 6 : Consider origin and fate of materials -- Principle 7 : Know the costs of energy over time -- Principle 8 : Celebrate light, respect darkness -- Principle 9 : Quietly defend silence -- Principle 10 : Maintain to sustain -- Principle 11 : Demonstrate performance, learn from failure -- Sustaining principles, evolving efforts.
650 #0 - SUBJECT ADDED ENTRY--TOPICAL TERM
Topical term or geographic name entry element Landscape construction.
650 #0 - SUBJECT ADDED ENTRY--TOPICAL TERM
Topical term or geographic name entry element Landscape protection.
650 #0 - SUBJECT ADDED ENTRY--TOPICAL TERM
Topical term or geographic name entry element Green products.
650 #0 - SUBJECT ADDED ENTRY--TOPICAL TERM
Topical term or geographic name entry element Ecological landscape design.
700 1# - ADDED ENTRY--PERSONAL NAME
Personal name Thompson, J. William,
Relator term author.
700 1# - ADDED ENTRY--PERSONAL NAME
Personal name Farnsworth, Craig D.,
Relator term illustrator.
906 ## - LOCAL DATA ELEMENT F, LDF (RLIN)
a 7
b cbc
c origcop
d 2
e ncip
f 20
g y-gencatlg
925 0# -
-- acquire
-- 1 shelf copy
-- policy default
955 ## - COPY-LEVEL INFORMATION (RLIN)
-- xm06 2019-03-05
Holdings
Withdrawn status Lost status Source of classification or shelving scheme Damaged status Not for loan Permanent Location Current Location Date acquired Source of acquisition Cost, normal purchase price Barcode Date last seen Cost, replacement price Price effective from Koha item type
          BMS College of Architecture, Design and Planning BMS College of Architecture, Design and Planning 2023-03-07 10 3187.80 AR-UG2917 2023-03-07 4554.00 2023-03-07 UG Books
Copyright © 2025, The Librarian, Library and Information Centre, BMSCA D&P, Bengaluru. All Rights Reserved
web counter

Powered by Koha